Fundamentals of modern mathematics
Αποθηκεύτηκε σε:
| Κύριος συγγραφέας: | |
|---|---|
| Μορφή: | Βιβλίο |
| Γλώσσα: | English |
| Δημοσίευση: |
Reading, Mass. :
Addison-Wesley Pub. Co.,
1964
|
| Σειρά: | Addison-Wesley series in mathematics
|
| Θέματα: | |
| Ετικέτες: |
Προσθήκη ετικέτας
Δεν υπάρχουν, Καταχωρήστε ετικέτα πρώτοι!
|
MARC
| LEADER | 00000cam a2200000 i 4500 | ||
|---|---|---|---|
| 001 | 1/100896 | ||
| 008 | 090209s1964 eng d | ||
| 035 | |l 10103041 | ||
| 040 | |a GR-MY-UA |b gre |e aacr | ||
| 041 | 0 | |a eng | |
| 082 | 0 | |a 510 |2 (22) | |
| 100 | 1 | |a Calloway, Jean M. | |
| 245 | 1 | 0 | |a Fundamentals of modern mathematics / |c by J. M. Calloway |
| 260 | |a Reading, Mass. : |b Addison-Wesley Pub. Co., |c 1964 | ||
| 300 | |a x, 213 σ.; |b εικ.; |c 23 εκ. | ||
| 490 | 1 | |a Addison-Wesley series in mathematics | |
| 504 | |a Περιέχει ευρετήριο | ||
| 650 | 0 | 0 | |a Mathematical analysis. |
| 830 | 0 | |a Addison-Wesley series in mathematics | |
| 852 | |a INST |b SAMOS |c MAG |e 20090209 |h 510 CAL |p 005300029411 |q 005300029411 |t BK |y 0 | ||
| 901 | |a BIBL3-2009-1 | ||
| 909 | |a Σ |b 155558 | ||
| 970 | |a ΣΙΤΖΙΜΗ |b ΓΙΑΣΕΜΗ |z 2009/02/09 | ||